Countries That Contain Other Country Names - Statistics

General Stats
  • This quiz has been taken 77 times
  • The average score is 7 of 8
Answer Stats
Hidden Country Found In % Correct
Dominica Dominican Republic
100%
Niger Nigeria
100%
Sudan South Sudan
100%
Guinea Guinea-Bissau
99%
Guinea Papua New Guinea
97%
Guinea Equatorial Guinea
93%
Mali Somalia
83%
Oman Romania
75%
No matching quizzes found
Score Distribution
Percent of People with Each Score
Percentile by Number Answered
Your Score History
You have not taken this quiz